Văn hóa biển miền Trung Việt Nam

Sơ lược về biển Việt Nam. Trình bày về văn học dân gian, tục thờ phụng thần biển, lễ hội, phong tục, dân ca, các nghề biển truyền thống, văn hóa - du lịch biển miền Trung Việt Nam

Сохранить в:
Библиографические подробности
Главный автор: Lê, Văn Kỳ
Формат:
Язык:Undetermined
Опубликовано: Hà Nội Khoa học - Xã hội 2015
Предметы:
Метки: Добавить метку
Нет меток, Требуется 1-ая метка записи!
Thư viện lưu trữ: Trung tâm Học liệu Trường Đại học Cần Thơ
LEADER 00882nam a2200205Ia 4500
001 CTU_209291
008 210402s9999 xx 000 0 und d
082 |a 398.09597 
082 |b K600 
100 |a Lê, Văn Kỳ 
245 0 |a Văn hóa biển miền Trung Việt Nam 
245 0 |c Lê Văn Kỳ 
260 |a Hà Nội 
260 |b Khoa học - Xã hội 
260 |c 2015 
520 |a Sơ lược về biển Việt Nam. Trình bày về văn học dân gian, tục thờ phụng thần biển, lễ hội, phong tục, dân ca, các nghề biển truyền thống, văn hóa - du lịch biển miền Trung Việt Nam 
650 |a Văn hóa dân gian,Folklore 
650 |z Việt Nam,Vietnam 
904 |i Trần Thị Yến Nhi,Hải 
980 |a Trung tâm Học liệu Trường Đại học Cần Thơ